Najgorsze Drużyny w Eliminacjach Mundiali (Europa) - Statystyki

Ogólne statystyki
  • Ten quiz został rozwiązany 164 razy
  • Średni wynik to 13 z 21
Statystyki odpowiedzi
Bilans Bramki Odpowiedź % Poprawnych
2022 0-0-10 1:46 San Marino
98%
2018 0-0-10 2:51 San Marino
98%
2014 0-0-10 1:54 San Marino
98%
2010 0-0-10 1:47 San Marino
98%
2006 0-0-10 2:40 San Marino
98%
1998 0-0-8 0:42 San Marino
98%
2002 0-0-10 5:36 Andora
77%
1986 0-0-8 2:27 Luksemburg
69%
1954 0-0-4 1:19 Luksemburg
69%
1934 0-0-2 2:15 Luksemburg
69%
1982 0-0-4 2:15 Malta
60%
1978 0-0-6 0:27 Malta
60%
1938 0-0-2 3:9 Litwa
53%
1994 0-0-10 1:38 Wyspy Owcze
43%
1970 0-0-6 2:35 Cypr
38%
1966 0-0-4 0:19 Cypr
38%
1962 0-0-4 3:17 Irlandia
35%
1974 0-0-6 2:29 Islandia
35%
1958 0-0-4 6:26 Islandia
35%
1990 0-0-6 3:15 Albania
32%
1950 0-0-1 0:7 Syria
2%
Nie znaleziono quizów pasujących do podanych kryteriów
Rozkład punktacji
Procent ludzi z każdym wynikiem
Percentyl według liczby udzielonych odpowiedzi
Twoja historia wyników
Nie rozwiązałeś tego quizu